000 00820nam a2200253Ia 4500
003 OSt
005 20221005105459.0
006 a|||||r|||| 00| 0
007 ta
008 221004b |||||||| |||| 00| 0 hin d
024 _a72990
037 _cTextual
040 _aCRL
_cCRL
_bhin
041 _2hin
_ahin
082 _aO152,2M971,VA, N0
100 _aभट्ट, उदयशंकर
245 0 _aविद्रोहिणी अम्बा
246 _aVidrohiṇī ambā
260 _aनई दिल्ली
_bमसिजीवि प्रकाशन भारत
_c1900
300 _a102पृ0
_ccm.
650 _aहिन्दी साहित्य
942 _hO152,2M971,VA, N0
_cTEXL
_2cc
999 _c1015965
_d1015965